| 000 | 00390nam a22001457a 4500 | ||
|---|---|---|---|
| 999 |
_c524355 _d524355 |
||
| 003 | NUST | ||
| 005 | 20190620072406.0 | ||
| 008 | 190620b ||||| |||| 00| 0 eng d | ||
| 038 | _aASAB | ||
| 082 | _a547.07 | ||
| 245 |
_aCaravan's organic chemistry _bfor bsc students _cby K M ibne Rasa, Abdur Rehman |
||
| 260 |
_aLahore _bCaravan book house _c 2007 |
||
| 300 | _a520 p | ||
| 942 |
_2ddc _cBK |
||